000 00861nam a2200277 a 4500
001 vtls001471706
003 NLI
005 20210627131004.0
008 121201m1980uuuudcu f000 0 eng
039 9 _y201212011906
_zVLOAD
040 _aNLI
_beng
_cDatasoft_FOD
_eAACR2
041 0 _aeng
044 _a dcu
082 0 4 _a 355.0092073
110 1 _aUnited States.
_bDepartment of the Army
_9706613
245 1 0 _aSoldier :
_bsoilders couples /
_cUnited States
_Department of the Army
260 _aWashington, D.C. :
_bThe Department,
_c1980-
300 _a-v. ;
_c26 cm.
500 _aLibrary has vol. 35
650 0 _aSoldiers
_zUnited States
_9707678
887 _a
901 _aAD 118611
_b14.10.2010
_9v.35, no.9
902 _aU.S 355.0092073 Un 3
949 _AVIRTUAITEM
_D10002
_X100
_6FOD000118611ENG
_9v.35 no.9
942 _2ddc
_cBKS
999 _aVIRTUA40
_c923402
_d923402